Porotos granados: una antología del cuento breve chileno contemporáneo
Salvato in:
| Autore principale: | |
|---|---|
| Natura: | Libro |
| Lingua: | spagnolo |
| Pubblicazione: |
Santiago
Catalonia
2008
|
| Edizione: | 1a. ed |
| Soggetti: | |
| Tags: |
Aggiungi Tag
Nessun Tag, puoi essere il primo ad aggiungerne!!
|
MARC
| LEADER | 00000cam a2200000 a 4500 | ||
|---|---|---|---|
| 001 | UCG9008 | ||
| 003 | CL-VaPUC | ||
| 008 | 120120e20080000CL |||||||||||||||||spa|d | ||
| 020 | |a 9789568303983 | ||
| 082 | 0 | 4 | |a Ch863 |b MAT |2 21 |
| 100 | |a Matamala Aburto, Tito |e autor |9 560331 | ||
| 245 | 1 | 0 | |a Porotos granados: una antología del cuento breve chileno contemporáneo |
| 250 | |a 1a. ed | ||
| 300 | |a 191 p | ||
| 942 | |c BK | ||
| 945 | |d 20120120 00:00:00 |a cmena | ||
| 260 | |a Santiago |b Catalonia |c 2008 | ||
| 650 | 0 | |a Cuentos chilenos |9 308280 | |
| 650 | 0 | |a Narrativa chilena |9 342463 | |
| 650 | 0 | |a Literatura chilena |9 308278 | |
| 583 | |a last modification |c 20120120 10:38:00 |k Rodrigo Vera | ||
| 999 | |c 346593 |d 346591 | ||
| 952 | |0 0 |1 0 |4 0 |6 CH_863_000000000000000_MAT_2008 |7 0 |8 A |9 447339 |a FDOPOS |b FDOPOS |d 2019-11-22 |i 4814134 |o Ch863 MAT 2008 |p 4814134 |r 2025-01-22 |w 2019-11-22 |y BK |k DLH | ||